| 000 | 00404nam a2200169Ia 4500 | ||
|---|---|---|---|
| 003 | OSt | ||
| 005 | 20240209122214.0 | ||
| 008 | 170619s9999 xx 000 0 und d | ||
| 020 | _a8183181406 | ||
| 040 | _cIIMT ENGINEERING COLLEGE | ||
| 100 | _aMamoria c B | ||
| 245 | 0 | _aDyanamics of induristrial relation | |
| 260 | _bNew Delhi Himalya | ||
| 260 | _c2007 | ||
| 546 | _aENGLISH | ||
| 942 |
_2ddc _c02 |
||
| 999 |
_c22337 _d22337 |
||